00665nam a2200193Ia 4500003000900000008004100009040001600050080001500066100002200081245011900103260004200222300001000264500002600274650003900300650001900339942000700358999001500365952009100380IN-BaIIA211028s9999 xx 000 0 eng d cIIA Library a92:52bLEO aReidel, A.912819 0aArt, science and technology, the genius of leonardocA. Reidel  aDordrechtbD. Reidel Publishingc1974 a133p. aDonated by Mrs. Bappu aBiography-Leonardo Da Vinci912820 aNASA Thesaurus cBK c7545d7545 00104070aBANbBANcGENd1983-07-18l0o92:52/ LEOp8358r2021-11-05w1983-07-18yBK